000 00331nam a22001337a 4500
008 170816b xxu||||| |||| 00| 0 eng d
020 _a9780201765496
041 _aeng
080 _a51
100 _a36
101 _aMAT
245 _aINTRODUCTORY FROM DIFFERENTIAL LINEARITY EQUATIONS TO CHAOS
_cKOSTELICH,E.J
942 _2udc
_cBK
999 _c23700
_d23700